000 01499nam a2200241Ia 4500
003 Ost
005 20260507075713.0
008 260507s9999||||xx |||||||||||||| ||und||
020 _a9789947600924
040 _cfsecg
041 _aara
082 _a332.4
100 _aشنيتي،محمد البشير
_eمؤلف
245 0 _aالعملة و الدولة :
_bقراءة في دور العملة في الاقتصاد والسياسة عبر التاريخ القديم و الوسيط /
_cمحمد البشير شنيتي
260 _aالجزائر:
_bكنوز الحكمة,
_c2018
300 _a207 صفحة؛
_bإيضاحات ؛
_c24 سم
504 _aمراجع ص.194 ملاحق ص.196
520 _aالاقتصاد الطبيعي و الدولة قبل إبتكار العملة في العالم القديم ، التنظيم السياسي و الاقتصادي في الحضارات المدنية الباكرة مصر القديمة و بلاد الرافدين، و التطرق الى التجارة قبل العملة في الاقتصاديات الباكرة ، المبادلات التجارية مدعاة العملة النقدية ، العملة النقدية و السلطة السياسية ، العملة النقدية و الترويج السياسي، العملة النقدية مطة للدعاية السياسية و العقائدية.
653 _aالاقتصاد
653 _aالدولة
653 _aالنقود
942 _cكتاب
999 _c45899
_d45899